Legislatíva a financovanie vzdelávania dospelých v krajinách Európskej únie
Nejednotný postup krajín Európskej únie vytvára komplikovaný mechanizmus v systéme legislatívy, financovania a organizácie vzdelávania dospelých. Vymedzenie pojmu "voľný pohyb osôb". Základné podmienky pre zvyšovanie schopnosti sa zamestnať. Porovnanie legislatívy vzdelávania dospelých v krajinách...
Salvato in:
| Autore principale: | |
|---|---|
| Natura: | Capitolo di libro |
| Lingua: | slovacco |
| Soggetti: | |
| Tags: |
Nessun Tag, puoi essere il primo ad aggiungerne!!
|
MARC
| LEADER | 00000naa$a2200000$$$4500 | ||
|---|---|---|---|
| 001 | 0003105 | ||
| 005 | 20230918124419.2 | ||
| 041 | 0 | |a slo | |
| 044 | |a SK | ||
| 245 | 1 | 0 | |a Legislatíva a financovanie vzdelávania dospelých v krajinách Európskej únie |c aut. Andrej Kováč |
| 520 | |a Nejednotný postup krajín Európskej únie vytvára komplikovaný mechanizmus v systéme legislatívy, financovania a organizácie vzdelávania dospelých. Vymedzenie pojmu "voľný pohyb osôb". Základné podmienky pre zvyšovanie schopnosti sa zamestnať. Porovnanie legislatívy vzdelávania dospelých v krajinách EÚ. Prehľad prijímania legislatívy vzdelávania dospelých v krajinách EÚ. Vývoj nezamestnanosti v EÚ od r. 1993 do r. 2001. Úlohami uspokojenia základných vzdelávacích potrieb sa zaoberala 5. medzinárodná konferencia o vzdelaní dospelých (CONFINTEA V), ktorá sa konala v roku 1997 v Hamburgu. Porovnanie financovania vzdelávania dospelých v krajinách Európskej únie. Prehľad jednotlivých druhov vzdelávania dospelých v krajinách EU a zdroje ich financovania. Spoločné pohľady na skúmanie legislatívy. Situácia v oblasti vzdelávania dospelých v Slovenskej republike. | ||
| 610 | 2 | 0 | |a vzdelávanie |
| 610 | 2 | 0 | |a legislatíva |
| 610 | 2 | 0 | |a financovanie |
| 610 | 2 | 0 | |a Európska únia |
| 610 | 2 | 0 | |a Slovensko |
| 610 | 2 | 0 | |a nezamestnanosť |
| 610 | 2 | 0 | |a konferencie |
| 100 | 1 | |a Kováč, Andrej | |